000 00602nam a22001937a 4500
005 20251108175748.0
008 250721s2015 xx 000 0 ara d
082 1 4 _aط/ق/فرح
100 1 _aفرح، أمل
245 1 0 _aجدا جدا... طبعا طبعا...أبدا أبدا /
264 1 _aالقاهرة :
_bدار شجرة للنشر،
_c2015.
300 _a23ص.
650 1 7 _aادب الاطفال
650 1 7 _aالقصص القصيرة
653 _aاطفال مرحلة متوسطة (6-9)سنوات
700 1 _aطه، محمد
_eرسام
942 _2ddc
_cBK
999 _c141780
_d141780